书目信息 |
| 题名: |
说古道今
|
|
| 作者: | 顾学颉 著 | |
| 分册: | ||
| 出版信息: | 北京 中共中央党校出版社 1997.09 |
|
| 页数: | 194页 | |
| 开本: | 32开 | |
| 丛书名: | ||
| 单 册: | ||
| 中图分类: | I267 | |
| 科图分类: | ||
| 主题词: | 散文--中国 , 散文--作品综合集--中国 | |
| 电子资源: | ||
| ISBN: | 7-5035-1625-9 | |
| 000 | 00561nam0 2200205 45 | |
| 001 | 0008040966 | |
| 005 | 20000804094351.1 | |
| 010 | @a7-5035-1625-9@d9.60元 | |
| 100 | @a20000804d1997 km y0chiy0120 ea | |
| 101 | 0 | @achi |
| 105 | @a z 000yy | |
| 200 | 1 | @a说古道今@AShuo Gu Dao Jin@f顾学颉著@FGu Xue Jie Zhu |
| 210 | @a北京@c中共中央党校出版社@d1997.09 | |
| 215 | @a194页@d32开 | |
| 606 | 0 | @a散文@x中国 |
| 606 | 0 | @a散文@x作品综合集@x中国 |
| 690 | @aI267@v3 | |
| 701 | 0 | @a顾学颉@4著 |
| 801 | @aCN@bPftUser@c20000804 | |
| 905 | @b87593-597@dI267@eG902@f5 | |
| 说古道今/顾学颉著.-北京:中共中央党校出版社,1997.09 |
| 194页;32开 |
| ISBN 7-5035-1625-9:9.60元 |
| ● |
| 相关链接 |
|
|
|
正题名:说古道今
索取号:I267/G902
 
预约/预借
| 序号 | 登录号 | 条形码 | 馆藏地/架位号 | 状态 | 备注 |
| 1 | 87593 | 200875936 | 文学库116/116文学库 3排6列2层/ [索取号:I267/G902] | 在馆 | |
| 2 | 87594 | 200875945 | 文学库116/116文学库 3排6列2层/ [索取号:I267/G902] | 在馆 | |
| 3 | 87595 | 200875954 | 文学库116/116文学库 3排6列2层/ [索取号:I267/G902] | 在馆 | |
| 4 | 87596 | 200875963 | 社科二线400B/400B社科库 25排3列3层/ [索取号:I267/G902] | 在馆 | |
| 5 | 87597 | 200875972 | 社科二线400B/400B社科库 25排3列3层/ [索取号:I267/G902] | 在馆 |